Kaya Scodelario Filmography - Statistics

General Stats
  • This quiz has been taken 16 times
    5 since last reset
  • The average score is 5 of 38
Answer Stats
Type Year Name % Correct
TV Show 2007-2013 Skins
100%
Web Series 2020 Spinning Out
100%
Film 2014 The Maze Runner
100%
Film 2018 Maze Runner: The Death Cure
50%
Film 2015 Maze Runner: The Scorch Trials
50%
Film 2011 Wuthering Heights
50%
Film 2025 Adulthood
0%
Short Film 2015 A Plea for Grimsby
0%
Music Video 2012 Candy
0%
Film 2010 Clash of the Titans
0%
Film 2019 Crawl
0%
Film 2022 Don't Make Me Go
0%
Theater 2025 East Is South
0%
Film 2019 Extremely Wicked, Shockingly Evil and Vile
0%
Music Video 2010 Love Goes Down
0%
Film 2009 Moon
0%
Film 2012 Now Is Good
0%
Music Video 2010 Old Isleworth
0%
Film 2017 Pirates of the Caribbean: Dead Men Tell No Tales
0%
Film 2021 Resident Evil: Welcome to Raccoon City
0%
Web Mini-Series 2024 Senna
0%
Film 2010 Shank
0%
Music Video 2010 She Said
0%
TV Mini-Series 2013 Southcliffe
0%
Film 2012 Spike Island
0%
Music Video 2009 Stay Too Long
0%
Web Series 2016 The Fashion Fund
0%
Web Series 2024 The Gentlemen
0%
Film 2022 The King's Daughter
0%
Web Mini-Series 2020 The Pale Horse
0%
Film 2013 The Truth About Emanuel
0%
Film 2025 The Woman in Cabin 10
0%
Film 2022 This Is Christmas
0%
Film 2015 Tiger House
0%
TV Mini-Series 2012 True Love
0%
Film 2012 Twenty8k
0%
Short Film 2013 Walking Stories
0%
Music Video 2011 Writing's on the Wall
0%
No matching quizzes found
Score Distribution
Percent of People with Each Score
Percentile by Number Answered
Your Score History
You have not taken this quiz since the last reset